New Survey of Journalism /

Se pretende dar una explicación del campo de acción del periodismo. Se analiza la presión como una institución, se consideran oportunidades vocacionales; se recuenta el desarrollo histórico y cada fase de la actividad en el campo, es con ejemplos.

Gespeichert in:
Bibliographische Detailangaben
1. Verfasser: Fox Matt, George (autor)
Format: Buch
Sprache:Englisch
Veröffentlicht: Nueva York, EUA : Barnes and Noble, 1965
Ausgabe:4a edición
Schriftenreihe:(College Outline Series ; 15)
Schlagworte:
Tags: Tag hinzufügen
Keine Tags, Fügen Sie das erste Tag hinzu!

MARC

LEADER 00000nam^a2200000^a^4500
001 000000462
005 20250521000000.0
009 20260310083028.162
022 |a 389-00066-3 
037 |a Acervo ITESO - Biblioteca 
041 |a ING 
082 |a 302. 231  |b FOX 
100 |a Fox Matt, George  |e (autor) 
245 1 0 |a New Survey of Journalism /  |c G. Fox Matt ; pról. de Grant Milnor Hyde. 
250 |a 4a edición 
264 1 |a Nueva York, EUA :  |b Barnes and Noble,  |c 1965 
300 |a XXVII, 446 p. 
336 |a texto  |b txt  |2 rdacontenido 
337 |a sin mediación  |b n  |2 rdamedio 
338 |a volumen  |b nc  |2 rdasoporte 
440 1 |a (College Outline Series ;  |v 15) 
520 |a Se pretende dar una explicación del campo de acción del periodismo. Se analiza la presión como una institución, se consideran oportunidades vocacionales; se recuenta el desarrollo histórico y cada fase de la actividad en el campo, es con ejemplos. 
649 |a XX 
650 |a Periodismo 
650 |a Prensa 
650 |a Medios Impresos 
650 |a Medios de Comunicación 
650 |a Comunicación Masiva 
910 |a Fondo General 
920 |a Impresos - Libros 
930 |a Colección General 
905 |a 101 
901 |a 0004620100  |b IT1  |c ACC  |i 000462  |u 20250521 
902 |a https://opac.biblio.iteso.mx/vufind/Record/000000462